Language Quiz

Random Language or Letter Quiz

Mixed Up: DIVERSE Quiz Stats

 Plays Quiz Updated Dec 10, 2018

     
Support Sporcle.
Go Orange.
Score 0/44 Timer 05:00
0 Plays Today
heading word % Correct
Five LetterDIVER
92.2%
Five LetterVERSE
91.7%
Six LetterDIVERS
73.6%
Five LetterSERVE
65.2%
Five LetterDRIVE
55.4%
Five LetterSEVER
53%
Five LetterRIDES
52.8%
Five LetterDIVES
52.7%
Six LetterVERSED
50.3%
Five LetterVEERS
48.7%
Six LetterDRIVES
48.3%
Five LetterREEDS
48.2%
Six LetterSERVED
46.4%
Five LetterRIVES
36.8%
Six LetterREVISE
33.6%
Five LetterRIVED
32%
Five LetterSIEVE
31.5%
Five LetterSIRED
30.4%
Seven Letter WordDIVERSE
30%
Seven Letter WordREVISED
29.5%
Five LetterDRIES
21.8%
Five LetterVISED
19.8%
heading word % Correct
Six LetterDERIVE
18.8%
Six LetterSIEVED
18.7%
Six LetterDEVISE
17.7%
Seven Letter WordDERIVES
16.9%
Five LetterSIVER
16.6%
Six LetterRESIDE
16.3%
Five LetterRESID
16.1%
Six LetterDESIRE
14.5%
Five LetterVIRES
12.9%
Seven Letter WordDEVISER
12.3%
Five LetterVIERS
10.4%
Five LetterSEDER
9.5%
Five LetterSERED
8%
Five LetterDREES
5.3%
Five LetterREDES
3.4%
Five LetterEIDER
3.3%
Five LetterREIVE
3.2%
Six LetterEIDERS
2.6%
Five LetterSIREE
2.3%
Six LetterREIVES
2.3%
Six LetterREIVED
1.7%
Six LetterVISEED
1%

From the Vault

Pick the Holiday Image

by strokes_static

Holiday 4m
Can't decide? Just celebrate them all!
Remove Ads.
Support Sporcle.
Get the best of Sporcle when you Go Orange. This ad-free experience offers more features, more stats, and more fun while also helping to support Sporcle. Thank you for becoming a member.

Show Comments

Extras

Top Quizzes Today


Score Distribution

Your Account Isn't Verified!

In order to create a playlist on Sporcle, you need to verify the email address you used during registration. Go to your Sporcle Settings to finish the process.

Report this User

Report this user for behavior that violates our Community Guidelines.

Details: